Steven Universe Extended Theme Song Lyrics - Statistics

General Stats
  • This quiz has been taken 1,230 times
  • The average score is 24 of 29
Answer Stats
Voice Line Missing word % Correct
______, Garnet
97%
We'll always ____ the day save
97%
We, are the _______ ____ Crystal Gems
96%
We'll always ____ a way find
96%
and _____, Pearl
96%
and ______! Steven
96%
And if you think __ ____ we can't
95%
That's why the people of this _____ believe in world
95%
You can _____ __ the four of us taking you down count on
92%
[Steven] If you're ____ and you're on the rise evil
92%
_______, Amethyst
91%
We'll win the _____ and then go out for pizzas fight
91%
When we arrived on _____, from out beyond your star Earth
90%
An we will protect ___! you
85%
And we will _______ your Earth (2x) protect
84%
'Cause were good and evil never ____'_ __ beat's us
82%
[Garnet] I will fight for the _____ where I'm free place
81%
[Pearl] If you could ____ ____, what we really are only know
79%
We were amazed to find, your ______ and your worth beauty
78%
[Pearl] I will fight in the name of ____ ______ Rose Quartz
78%
And we will protect your ____, kind
74%
And everything that she ________ in! believed
72%
To live together and _____ as me! exist
72%
The Earth is everything I've ever _____! known
72%
[Amethyst] I will fight for the world I was ____ __ made in
72%
want's me to be when I'm _____! grown
64%
[Steven] I will fight to be __________ that everybody everything
63%
easy but we're not going to do it _____! alone
61%
[Crystal Gems] The ____ are against us, this won't be odds
59%
No matching quizzes found
Score Distribution
Percent of People with Each Score
Percentile by Number Answered
Your Score History
You have not taken this quiz